Представление документа в формате MARC21

ПолеНазваниеЗначение
  Тип записи a
  Библиографический уровень m
001 Контрольный номер RU/URAIT/537477
003 Принадлежность контрольного номера https://urait.ru/bcode/537477
005 Дата корректировки 20240827112651.1
008 Кодируемые данные
020 Индекс ISBN __
a ISBN 978-5-534-13091-1
c Цена, тираж 989.00
040 Источник каталогиз. __
a Служба первич. каталог. ИКО Юрайт
b Код языка каталог. rus
c Служба, преобразующая запись ИКО Юрайт
041 Код языка издания 0_
a Код языка текста rus
044 Код страны публикации __
a Код страны публикации RU
073 _1
a 9785534130911
d 989.00
080 Индекс УДК __
a Индекс УДК 630(075.8)
084 Индекс другой классификации/Индекс ББК __
a Индекс другой классификации/Индекс ББК 43.4я73
2 Источник индекса rubbk
091 Индексы/ коды __
a Индекс ББК (DOS) 43.4я73
z rubbk
100 Автор 1_
a Автор Мерзленко М. Д.
q Полное имя Михаил Дмитриевич
230 __
a Электрон. дан.
245 Заглавие 00
a Заглавие Искусственное лесовосстановление
b Продолж. заглавия учебник
c Ответственность М. Д. Мерзленко, Н. А. Бабич.
250 Сведения об издании __
a Основные сведения об издании 3-е изд.
b Дополнительные сведения об издании пер. и доп
260 Выходные данные 1_
a Место издания Москва
b Издательство Юрайт
c Дата издания 2024
300 Физическое описание __
a Объем 213 с
440 Серия _0
a Серия Высшее образование
500 Примечания __
a Примечание URL: https://urait.ru/bcode/537477 (дата обращения: 27.08.2024).
520 Аннотация __
a Аннотация В настоящее время в научном лесоводстве все большее направление получает изучение экологических аспектов искусственных дендроценозов. Этот аспект нашел отражение в данном учебнике. В книге изложены теория и практика лесокультурного дела, основные методы и способы его ведения, рассмотрены современные проблемы искусственного лесовосстановления в России. Соответствует актуальным требованиям Федерального государственного образовательного стандарта высшего образования. Для студентов высших учебных заведений, обучающихся по естественнонаучным направлениям.
538 Прим. о системных особенностях __
a Прим. о системных особенностях Режим доступа: Электронно-библиотечная система Юрайт, для авториз. пользователей
653 Ключевые слова 2_
a Ключевые слова Сельское хозяйство. Ветеринария. Лесное дело
653 Ключевые слова 2_
a Ключевые слова Естественные науки
653 Ключевые слова 2_
a Ключевые слова Лесоводство
653 Ключевые слова 2_
a Ключевые слова Лесовосстановление на вырубках
653 Ключевые слова 2_
a Ключевые слова Лесное хозяйство и лесовосстановление
653 Ключевые слова 2_
a Ключевые слова Искусственное лесовосстановление
653 Ключевые слова 2_
a Ключевые слова Основы лесоводства
653 Ключевые слова 2_
a Ключевые слова Актуальные вопросы лесовосстановления и защитного лесоразведения
653 Ключевые слова 2_
a Ключевые слова Технология лесовосстановительных работ
653 Ключевые слова 2_
a Ключевые слова Лесовосстановление
653 Ключевые слова 2_
a Ключевые слова Современные технологии повышения продуктивности искусственных насаждений
653 Ключевые слова 2_
a Ключевые слова Биотехнологии в лесовосстановлении
700 Другие авторы 1_
a Другие авторы Бабич Н. А.
q Полное имя Николай Алексеевич
856 Электронный адрес документа 40
n Местонахождение сервера Юрайт
g Электронная книга
q Тип электронного формата html
h Имя пользователя ЮРАЙТ
v Часы доступа к ресурсу 20251231
2 Способ доступа Показать документ
x Служебное примечание https://urait.ru/book/cover/989F801A-D41E-4AB4-A89E-084AB3EF855B
u URL https://urait.ru/bcode/537477
856 Электронный адрес документа 41
q Тип электронного формата cover
u URL https://urait.ru/book/cover/989F801A-D41E-4AB4-A89E-084AB3EF855B